[Event "6th Gibtelecom Masters"]
[Site "Gibraltar ENG"]
[Date "2008.01.31"]
[Round "10"]
[White "Tofte,S"]
[Black "Harika,D"]
[Result "0-1"]
[WhiteElo "2108"]
[BlackElo "2455"]
[EventDate "2008.01.22"]

1. e4 c5 2. Nf3 Nc6 3. d4 cxd4 4. Nxd4 Nf6 5. Nc3 e5 6. Ndb5 d6 7. Bg5 a6
8. Na3 b5 9. Bxf6 gxf6 10. Nd5 f5 11. c3 Bg7 12. Bd3 Be6 13. Nxb5 axb5 14.
Bxb5 Bd7 15. exf5 O-O 16. O-O Rb8 17. a4 Re8 18. Qg4 Kh8 19. Qe4 f6 20.
Rfd1 Ne7 21. Bxd7 Qxd7 22. Nxe7 Qxe7 23. b4 Qc7 24. Ra3 Bf8 25. a5 d5 26.
Qxd5 Rbd8 27. Qf3 e4 28. Rxd8 Rxd8 29. Qe2 Bxb4 30. Ra1 Qxc3 31. Rf1 Qd3
32. Qh5 Bxa5 33. g4 e3 34. Qh6 exf2+ 35. Kxf2 Bb6+ 36. Kg2 Qe2+ 37. Kg3
Rd3+ 0-1

[Event "6th Gibtelecom Masters"]
[Site "Gibraltar ENG"]
[Date "2008.01.31"]
[Round "10"]
[White "Papadopoulos,I"]
[Black "Ocana Roca,J"]
[Result "1-0"]
[WhiteElo "2444"]
[BlackElo "2127"]
[EventDate "2008.01.22"]

1. e4 c5 2. Nf3 d6 3. d4 cxd4 4. Nxd4 Nf6 5. Nc3 g6 6. Be3 Bg7 7. f3 O-O 8.
Qd2 Nc6 9. O-O-O Qa5 10. Kb1 Bd7 11. Nb3 Qd8 12. Bh6 a5 13. Nc1 Rc8 14. h4
Be6 15. Bxg7 Kxg7 16. h5 Ne5 17. hxg6 fxg6 18. g4 Nxf3 19. Qh6+ Kh8 20. g5
Nh5 21. Rxh5 Bg8 22. Rh1 Rxc3 23. bxc3 Qb6+ 24. Nb3 Rc8 25. Bh3 Rxc3 26.
Be6 1-0

[Event "6th Gibtelecom Masters"]
[Site "Gibraltar ENG"]
[Date "2008.01.31"]
[Round "10"]
[White "Astaneh Lopez,A"]
[Black "Butnorius,A"]
[Result "0-1"]
[WhiteElo "2346"]
[BlackElo "2441"]
[EventDate "2008.01.22"]

1. e4 e5 2. Nf3 Nc6 3. d4 exd4 4. Nxd4 Bc5 5. Nb3 Bb4+ 6. c3 Be7 7. Bb5 Nf6
8. O-O O-O 9. Re1 d6 10. N1d2 Ne5 11. h3 c6 12. Bf1 Re8 13. Nf3 Ng6 14. Qc2
Bf8 15. Bg5 h6 16. Bd2 Qe7 17. Bd3 c5 18. Rad1 Be6 19. e5 Nxe5 20. Nxe5
dxe5 21. Rxe5 Qc7 22. Bf4 c4 23. Rxe6 Qxf4 24. Rxf6 Qxf6 25. Bxc4 Rad8 26.
Nd4 Bc5 27. Qb3 Bxd4 28. cxd4 Re7 29. d5 h5 30. Qc3 Qxc3 31. bxc3 Rc7 32.
Rd4 Rc5 33. a4 Kf8 34. Kf1 a6 35. d6 Rc6 36. Bd5 Rcxd6 37. Bxb7 Rxd4 38.
cxd4 a5 39. d5 Ke7 40. Ke2 h4 41. Kf3 Rb8 42. Bc6 Rb4 43. g3 g5 44. g4 Kd6
45. Kg2 Rb3 46. Be8 f6 47. Bc6 Ke5 48. Be8 Rd3 49. Bc6 Rxd5 50. Bxd5 Kxd5
51. Kf3 Kd4 0-1

[Event "6th Gibtelecom Masters"]
[Site "Gibraltar ENG"]
[Date "2008.01.31"]
[Round "10"]
[White "Hammer,J"]
[Black "Ly,M"]
[Result "1-0"]
[WhiteElo "2441"]
[BlackElo "2319"]
[EventDate "2008.01.22"]

1. e4 e6 2. d4 d5 3. Nc3 Nf6 4. e5 Nfd7 5. f4 c5 6. Nf3 Nc6 7. Be3 Be7 8.
Qd2 O-O 9. dxc5 Bxc5 10. Bxc5 Nxc5 11. O-O-O f6 12. exf6 Qxf6 13. g3 h6 14.
Qe3 b6 15. Bh3 Bb7 16. Rhe1 Rae8 17. Nd4 Nxd4 18. Rxd4 Qxd4 19. Qxd4 1-0

[Event "6th Gibtelecom Masters"]
[Site "Gibraltar ENG"]
[Date "2008.01.31"]
[Round "10"]
[White "Aloma Vidal,R"]
[Black "Bigg,A"]
[Result "1-0"]
[WhiteElo "2393"]
[BlackElo "2231"]
[EventDate "2008.01.22"]

1. d4 e6 2. Nf3 f5 3. c4 Nf6 4. Nc3 Bb4 5. g3 b6 6. Bg2 Bb7 7. O-O O-O 8.
Qc2 Qc8 9. a3 Bxc3 10. Qxc3 Be4 11. b4 Qb7 12. a4 a5 13. b5 d6 14. c5 c6
15. cxd6 cxb5 16. axb5 Nbd7 17. Bg5 Rac8 18. Qb3 Bd5 19. Qe3 h6 20. Bxf6
Nxf6 21. Rfc1 Qd7 22. Ne5 Rxc1+ 23. Rxc1 Qxb5 24. Ng6 Re8 25. Ne7+ Rxe7 26.
dxe7 Qd7 27. Qe5 1-0

[Event "6th Gibtelecom Masters"]
[Site "Gibraltar ENG"]
[Date "2008.01.31"]
[Round "10"]
[White "Foisor,S"]
[Black "Lyell,M"]
[Result "0-1"]
[WhiteElo "2386"]
[BlackElo "2221"]
[EventDate "2008.01.22"]

1. c4 Nc6 2. Nc3 e5 3. g3 f5 4. Bg2 Nf6 5. e3 d5 6. cxd5 Nb4 7. d4 e4 8. f3
Nd3+ 9. Kf1 Bd6 10. Nh3 O-O 11. Nf2 Nxf2 12. Kxf2 b6 13. Re1 Bb7 14. Kg1
Qe7 15. Qb3 Rae8 16. Bd2 Qf7 17. fxe4 Nxe4 18. Nxe4 fxe4 19. Rf1 Qxd5 20.
Qxd5+ Bxd5 21. b4 Bc4 22. Rxf8+ Kxf8 23. a4 Bd3 24. g4 Ke7 25. Be1 Rf8 26.
Ra2 Ke6 27. h4 Kd5 28. g5 c5 29. Rd2 c4 30. Rb2 Rc8 31. Bc3 Bg3 32. h5 Bh4
33. Bh3 Rf8 34. g6 hxg6 35. hxg6 Bg5 36. Bd2 Rf3 37. Bg2 Bxe3+ 38. Bxe3
Rxe3 39. Kf2 Kxd4 40. b5 c3 41. Rb4+ Kc5 42. Kxe3 Kxb4 0-1

[Event "6th Gibtelecom Masters"]
[Site "Gibraltar ENG"]
[Date "2008.01.31"]
[Round "10"]
[White "Makka,I"]
[Black "Welling,G"]
[Result "1/2-1/2"]
[WhiteElo "2186"]
[BlackElo "2371"]
[EventDate "2008.01.22"]

1. e4 c5 2. Nf3 g6 3. c4 Bg7 4. d4 Qa5+ 5. Bd2 Qb6 6. Bc3 d6 7. Qd2 cxd4 8.
Bxd4 Bxd4 9. Nxd4 Nf6 10. Nc3 Nc6 11. Nc2 O-O 12. Be2 a5 13. O-O a4 14. Kh1
Be6 15. f4 Na5 16. Ne3 Qb4 17. e5 dxe5 18. fxe5 Nd7 19. Ned5 Bxd5 20. Qxd5
Nb6 21. Qe4 Naxc4 22. Nd5 Qc5 23. Bxc4 Qxc4 24. Nxe7+ Kh8 25. Qxb7 Qe6 26.
Nc6 Nc4 27. Rae1 Nxb2 28. Qxb2 Qxc6 29. Rf6 Qc7 30. Ref1 Kg8 31. h3 Qe7 32.
Qd4 a3 33. Qd5 Rae8 34. Qb3 Rb8 35. Qd5 Rbe8 36. Qb3 Rb8 1/2-1/2

[Event "6th Gibtelecom Masters"]
[Site "Gibraltar ENG"]
[Date "2008.01.31"]
[Round "10"]
[White "Obers,F"]
[Black "Zozulia,A"]
[Result "1/2-1/2"]
[WhiteElo "2094"]
[BlackElo "2344"]
[EventDate "2008.01.22"]

1. c4 e5 2. g3 Nc6 3. Bg2 g6 4. Nc3 Bg7 5. e4 d6 6. Nge2 Nge7 7. d3 Be6 8.
Nd5 O-O 9. O-O f5 10. Be3 Qd7 11. Qd2 Rf7 12. Rae1 Raf8 13. f3 Nc8 14. exf5
Bxf5 15. d4 Bh3 16. b3 Bxg2 17. Kxg2 Qf5 18. Ndc3 exd4 19. Nxd4 Qa5 20.
Nxc6 Qxc3 21. Qxc3 Bxc3 22. Rc1 bxc6 23. Rxc3 c5 24. Bh6 Re8 25. Re3 Rxe3
26. Bxe3 Ne7 27. Re1 Nf5 28. Bd2 Rf8 29. Bc3 Kf7 30. f4 Ra8 31. g4 Ne7 32.
Ba5 Rc8 33. Bc3 Nc6 34. Re3 Rf8 35. Kg3 a5 36. h4 Ra8 37. f5 gxf5 38. gxf5
a4 39. Kf4 axb3 40. axb3 Rg8 41. h5 Rg1 42. h6 Ne7 43. Rf3 Rb1 44. Ba5 c6
45. Bc7 d5 46. Bd6 dxc4 47. bxc4 Nc8 48. Bxc5 Rc1 49. Ba3 Rxc4+ 50. Ke5 Ra4
51. Rg3 Ra5+ 52. Ke4 Ra4+ 53. Ke5 Ra5+ 54. Ke4 Ra4+ 55. Ke5 1/2-1/2

[Event "6th Gibtelecom Masters"]
[Site "Gibraltar ENG"]
[Date "2008.01.31"]
[Round "10"]
[White "Dimitrov,Pa"]
[Black "Mundaca,J"]
[Result "1-0"]
[WhiteElo "2448"]
[BlackElo "2184"]
[EventDate "2008.01.22"]

1. e4 c5 2. Nf3 Nc6 3. c4 e5 4. Nc3 d6 5. d3 f5 6. exf5 Bxf5 7. h3 Be7 8.
g4 Be6 9. Bg2 h6 10. Nd5 Nf6 11. Nh4 Qd7 12. Ng6 Rg8 13. Ngxe7 Nxe7 14.
Nxf6+ gxf6 15. Bxh6 O-O-O 16. Bd2 f5 17. g5 f4 18. h4 Nf5 19. Be4 d5 20.
cxd5 Bxd5 21. Bc3 Bxe4 22. dxe4 Nd4 23. Bxd4 exd4 24. Qd3 Qf7 25. Qb3 Qh7
26. Qe6+ Kb8 27. O-O-O Rg6 28. Qc4 Rb6 29. a3 Qxe4 30. h5 Qg2 31. g6 Qxf2
32. Rd2 Qf3 33. Qf1 Qd5 34. Qxf4+ Ka8 35. Qh4 Rd7 36. Rg1 Qa2 37. Qe4 Qg8
38. h6 a6 39. Kb1 Ka7 40. Rdg2 d3 41. Qf5 Rd5 42. h7 1-0

[Event "6th Gibtelecom Masters"]
[Site "Gibraltar ENG"]
[Date "2008.01.31"]
[Round "10"]
[White "Navarro Torres,P"]
[Black "Rendle,T"]
[Result "1/2-1/2"]
[WhiteElo "2210"]
[BlackElo "2393"]
[EventDate "2008.01.22"]

1. e4 e6 2. d4 d5 3. Nc3 dxe4 4. Nxe4 Bd7 5. Nf3 Bc6 6. Bd3 Nd7 7. O-O Ngf6
8. Ng3 Be7 9. c3 O-O 10. Re1 Bxf3 11. Qxf3 c6 12. Ne4 Nxe4 13. Qxe4 Nf6 14.
Qh4 g6 15. Bg5 Nd5 16. Bxe7 Qxe7 17. Qg3 Qf6 18. Re4 Rfd8 19. Rae1 b5 20.
h4 b4 21. Bc4 bxc3 22. bxc3 Rac8 23. h5 c5 24. Ba6 Rc6 25. Bb5 Rcc8 26. Ba6
Rc6 27. Bb5 1/2-1/2

[Event "6th Gibtelecom Masters"]
[Site "Gibraltar ENG"]
[Date "2008.01.31"]
[Round "10"]
[White "Amigues,E"]
[Black "Tate,A"]
[Result "1-0"]
[WhiteElo "2378"]
[BlackElo "2163"]
[EventDate "2008.01.22"]

1. d4 Nf6 2. Nf3 g6 3. c4 Bg7 4. Nc3 d5 5. Bg5 Ne4 6. Bh4 Nxc3 7. bxc3 dxc4
8. Qa4+ Nd7 9. e3 O-O 10. Qa3 Nf6 11. Bxc4 Qd6 12. Qb3 a6 13. a4 Rb8 14.
Bg3 Qd8 15. Ne5 Qe8 16. Bxa6 Ne4 17. Bb5 Qd8 18. Bc4 Qe8 19. Bf4 g5 20. Bg3
Bf5 21. Nf3 Nxg3 22. hxg3 h6 23. g4 Bg6 24. Ng1 Qd7 25. f3 e5 26. Ne2 exd4
27. cxd4 c5 28. Rd1 Qc7 29. Kf2 Rfe8 30. dxc5 Re7 31. Rd6 Kh7 32. Qb6 Qc8
33. Rhd1 Qe8 34. Bb5 Qh8 35. Rd8 Rxd8 36. Rxd8 Bf8 37. Qd6 Qg7 38. Qb8 Kg8
39. c6 bxc6 40. Bxc6 h5 41. gxh5 Bxh5 42. g4 Bg6 43. Bd5 Qh6 44. a5 Qh4+
45. Kg2 Qh6 46. e4 1-0

[Event "6th Gibtelecom Masters"]
[Site "Gibraltar ENG"]
[Date "2008.01.31"]
[Round "10"]
[White "Jakobsen,O"]
[Black "Lilleoren,M"]
[Result "1/2-1/2"]
[WhiteElo "2372"]
[BlackElo "2065"]
[EventDate "2008.01.22"]

1. d4 Nf6 2. c4 c5 3. d5 b5 4. cxb5 a6 5. e3 g6 6. Nc3 Bg7 7. Nf3 O-O 8. a4
d6 9. Be2 axb5 10. Bxb5 Ba6 11. Bxa6 Nxa6 12. O-O Qb6 13. Nd2 Rfb8 14. Nc4
Qb3 15. Qe2 Nb4 16. Rd1 Nc2 17. Rb1 Nd7 18. Nd2 Qb7 19. Nde4 Nb4 20. Ng5 h6
21. Nf3 Nb6 22. e4 Nxa4 23. Bd2 Qa6 24. Qxa6 Rxa6 25. Nxa4 Rxa4 26. Bc3 Na2
27. Bxg7 Kxg7 28. Nd2 Rab4 29. Kf1 Rxb2 30. Rxb2 Rxb2 1/2-1/2

[Event "6th Gibtelecom Masters"]
[Site "Gibraltar ENG"]
[Date "2008.01.31"]
[Round "10"]
[White "Arnott,J"]
[Black "Vul,A"]
[Result "0-1"]
[WhiteElo "2117"]
[BlackElo "2337"]
[EventDate "2008.01.22"]

1. e4 e5 2. Nf3 Nc6 3. d4 exd4 4. Bc4 Nf6 5. e5 Ng4 6. Qe2 Qe7 7. Bf4 f6 8.
exf6 Nxf6 9. Qxe7+ Bxe7 10. O-O d6 11. Nbd2 Na5 12. Rfe1 Nxc4 13. Nxc4 Bg4
14. Nxd4 Kf7 15. Ne3 Bd7 16. Nef5 Bf8 17. Ne3 Nh5 18. Bg3 g6 19. Bh4 Re8
20. Nd5 c6 21. Rxe8 Bxe8 22. Nc7 Bd7 23. Re1 h6 24. Bd8 d5 25. Nce6 Bd6 26.
Bc7 Bxc7 27. Nxc7 Bc8 28. Nce6 Re8 29. g4 Ng7 0-1

[Event "6th Gibtelecom Masters"]
[Site "Gibraltar ENG"]
[Date "2008.01.31"]
[Round "10"]
[White "Spence,D"]
[Black "Jaksland,T"]
[Result "1/2-1/2"]
[WhiteElo "2198"]
[BlackElo "2294"]
[EventDate "2008.01.22"]

1. e4 d5 2. exd5 Nf6 3. Nf3 Nxd5 4. d4 Bg4 5. h3 Bh5 6. c4 Nb6 7. Nc3 e6 8.
g4 Bg6 9. Ne5 c5 10. Bg2 cxd4 11. Nb5 a6 12. Nxd4 Bb4+ 13. Kf1 Qc7 14. Bf4
N8d7 15. Nxg6 Qxc4+ 16. Kg1 hxg6 17. Rc1 Qxa2 18. Ra1 Qc4 19. Rc1 Qa2 20.
Bxb7 O-O 21. Ra1 Qc4 22. Rc1 Qa2 23. Ra1 Qc4 24. Rc1 Qa2 1/2-1/2

[Event "6th Gibtelecom Masters"]
[Site "Gibraltar ENG"]
[Date "2008.01.31"]
[Round "10"]
[White "Havik,V"]
[Black "Rasch,H"]
[Result "0-1"]
[WhiteElo "2072"]
[BlackElo "2263"]
[EventDate "2008.01.22"]

1. d4 d5 2. c4 e6 3. Nc3 Nf6 4. cxd5 exd5 5. Bg5 Be7 6. e3 c6 7. Bd3 Nbd7
8. Nge2 O-O 9. O-O Re8 10. Qc2 Nf8 11. b4 Bxb4 12. Bxf6 Qxf6 13. Nxd5 cxd5
14. Qa4 Qe7 0-1

[Event "6th Gibtelecom Masters"]
[Site "Gibraltar ENG"]
[Date "2008.01.31"]
[Round "10"]
[White "Bryn,A"]
[Black "Steel,H"]
[Result "0-1"]
[WhiteElo "1997"]
[BlackElo "2241"]
[EventDate "2008.01.22"]

1. e4 c5 2. Nc3 a6 3. a4 Nc6 4. f4 g6 5. Nf3 Bg7 6. Bc4 d6 7. d3 Nf6 8. O-O
O-O 9. Qe1 Nb4 10. Qe2 d5 11. Nxd5 Nbxd5 12. exd5 Nxd5 13. Bxd5 Qxd5 14.
Qxe7 Bf5 15. Nh4 Rae8 16. Nxf5 gxf5 17. Qg5 Kh8 18. Qh5 Bd4+ 19. Kh1 Rg8
0-1

[Event "6th Gibtelecom Masters"]
[Site "Gibraltar ENG"]
[Date "2008.01.31"]
[Round "10"]
[White "Kandic,Mila"]
[Black "Lovik,L"]
[Result "1/2-1/2"]
[WhiteElo "2238"]
[BlackElo "2052"]
[EventDate "2008.01.22"]

1. e4 c5 2. Nf3 Nc6 3. d3 g6 4. g3 Bg7 5. Bg2 d6 6. O-O Nf6 7. h3 O-O 8.
Bg5 h6 9. Be3 e5 10. Nh2 Ne8 11. Nc3 Nc7 12. Qd2 Kh7 13. Rae1 Nd4 14. f4 f5
15. Nd1 Nde6 16. Nf3 exf4 17. gxf4 d5 18. exf5 gxf5 19. d4 b6 20. Ne5 Bb7
21. c3 Ne8 22. Qd3 c4 23. Qe2 Nd6 24. Qh5 Qe8 25. Qxe8 Raxe8 26. Nf2 b5 27.
Bf3 Rd8 28. Bh5 Bxe5 29. fxe5 Ne4 30. Nh1 a5 31. a3 Bc6 32. Kh2 Be8 33. Bf3
f4 34. Bg4 N4g5 35. h4 h5 36. Bxe6 Nxe6 37. Bd2 Bg6 38. Rf2 Rd7 39. Rff1
Bf5 40. Nf2 Rg7 41. Rg1 Bg4 42. Rg2 Rg6 43. Reg1 Rfg8 44. Nh3 Bf3 45. Rxg6
Rxg6 46. Rxg6 Kxg6 47. Nxf4+ Nxf4 48. Bxf4 Kf5 49. Bg5 Bg4 50. Bd8 a4
1/2-1/2

[Event "6th Gibtelecom Masters"]
[Site "Gibraltar ENG"]
[Date "2008.01.31"]
[Round "10"]
[White "Dzagnidze,N"]
[Black "Danielmeier,R"]
[Result "1-0"]
[WhiteElo "2429"]
[BlackElo "2112"]
[EventDate "2008.01.22"]

1. d4 Nf6 2. c4 g6 3. Nc3 d5 4. cxd5 Nxd5 5. Na4 e5 6. dxe5 Bb4+ 7. Bd2 Ne3
8. fxe3 Bxd2+ 9. Qxd2 Qh4+ 10. g3 Qxa4 11. Bg2 O-O 12. Qc3 Na6 13. Nf3 Qb4
14. Rc1 c6 15. h4 Be6 16. a3 Qxc3+ 17. Rxc3 Bd5 18. h5 Rfe8 19. Rh4 Bxf3
20. exf3 Rxe5 21. hxg6 hxg6 22. Rd4 Rae8 23. Kf2 Rb5 24. Rd2 Nc7 25. e4 Re7
26. f4 Ne6 27. e5 Rc5 28. Rxc5 Nxc5 29. Ke3 Rd7 30. Rxd7 Nxd7 31. Kd4 Kf8
32. Bh3 Ke7 33. b4 Nb6 34. Bg4 Nd7 35. a4 f5 36. exf6+ Nxf6 37. Bc8 b6 38.
Ke5 Nd5 39. b5 Nb4 40. Bb7 c5 41. Be4 Kf7 42. Bb1 a6 43. bxa6 Nxa6 44. Kd6
Nb4 45. Kc7 Nd5+ 46. Kc6 Nc3 47. Bc2 g5 48. Kxb6 gxf4 49. gxf4 Nd5+ 50. Kb7
Nc3 51. a5 1-0

[Event "6th Gibtelecom Masters"]
[Site "Gibraltar ENG"]
[Date "2008.01.31"]
[Round "10"]
[White "Ramaswamy,A"]
[Black "Hansen,PA"]
[Result "1-0"]
[WhiteElo "2322"]
[BlackElo "2108"]
[EventDate "2008.01.22"]

1. e4 c5 2. Nf3 e6 3. d4 cxd4 4. Nxd4 Nf6 5. Nc3 Qb6 6. Nb3 Bb4 7. Bd3 d5
8. e5 Nfd7 9. Be3 Qc7 10. f4 Nc6 11. O-O Bxc3 12. bxc3 g5 13. Qh5 gxf4 14.
Bxf4 Nf8 15. Nd4 Nxd4 16. cxd4 Rg8 17. Bg5 a6 18. Rf3 1-0

[Event "6th Gibtelecom Masters"]
[Site "Gibraltar ENG"]
[Date "2008.01.31"]
[Round "10"]
[White "Byron,A"]
[Black "Waters,M"]
[Result "0-1"]
[WhiteElo "2229"]
[BlackElo "2102"]
[EventDate "2008.01.22"]

1. g3 Nf6 2. Bg2 d5 3. Nf3 Bf5 4. d3 e6 5. Nh4 Bg6 6. Nxg6 hxg6 7. Nd2 Nbd7
8. Nf3 Bd6 9. Bg5 c6 10. c3 Qb6 11. Qb3 Qxb3 12. axb3 e5 13. Nd2 Bc5 14.
Bxf6 Nxf6 15. e3 O-O-O 16. b4 Bb6 17. Nb3 Kb8 18. h3 g5 19. Ke2 g4 20. h4
Nh5 21. c4 f5 22. c5 Bc7 23. Rag1 f4 24. gxf4 exf4 25. exf4 Bxf4 26. Bf1 g3
27. Rh3 Rde8+ 28. Kf3 gxf2 29. Rg2 Be3 30. Rg4 Rhf8+ 31. Kg2 Nf4+ 32. Rxf4
Rxf4 0-1

[Event "6th Gibtelecom Masters"]
[Site "Gibraltar ENG"]
[Date "2008.01.31"]
[Round "10"]
[White "Nadig,K"]
[Black "Fairbairn,S"]
[Result "1-0"]
[WhiteElo "2208"]
[BlackElo "2086"]
[EventDate "2008.01.22"]

1. e4 d5 2. exd5 Qxd5 3. Nc3 Qa5 4. d4 Nf6 5. Bc4 Bf5 6. Bd2 c6 7. Qe2 e6
8. O-O-O Bb4 9. Nf3 Nbd7 10. Ne5 Nxe5 11. dxe5 Nd5 12. Bxd5 cxd5 13. Qb5+
Qxb5 14. Nxb5 Rc8 15. Nd4 Bxd2+ 16. Rxd2 Bg6 17. h4 h6 18. Rh3 a6 19. h5
Bh7 20. f4 Ke7 21. g4 Be4 22. f5 Rc4 23. b3 Rcc8 24. Rg3 Rhg8 25. Kb2 Rge8
26. Rf2 exf5 27. gxf5 Kf8 28. e6 Rc7 29. f6 fxe6 30. fxg7+ Kg8 31. Rf8+ 1-0

[Event "6th Gibtelecom Masters"]
[Site "Gibraltar ENG"]
[Date "2008.01.31"]
[Round "10"]
[White "Strand,H"]
[Black "Walton,A"]
[Result "1/2-1/2"]
[WhiteElo "2045"]
[BlackElo "2207"]
[EventDate "2008.01.22"]

1. e4 e6 2. d4 d5 3. Nc3 Nf6 4. e5 Nfd7 5. f4 c5 6. Nf3 Nc6 7. Be3 a6 8.
Qd2 b5 9. dxc5 Bxc5 10. Bxc5 Nxc5 11. Bd3 Qb6 12. Ne2 Bd7 13. O-O-O h6 14.
Ned4 O-O-O 15. Nxc6 Bxc6 16. Nd4 Kb7 17. Qe2 Na4 18. Nb3 Nc5 19. Nd4 Nd7
20. Nb3 a5 21. Kb1 a4 22. Nd2 a3 23. Nb3 Nc5 24. Nxc5+ Qxc5 25. c3 Ra8 26.
b3 Rhd8 27. Rc1 Rac8 28. Rc2 Kb6 29. Rhc1 g6 30. g3 Kb7 31. Qd2 Kb6 1/2-1/2

[Event "6th Gibtelecom Masters"]
[Site "Gibraltar ENG"]
[Date "2008.01.31"]
[Round "10"]
[White "Campbell,I"]
[Black "Erdelyi,T"]
[Result "1-0"]
[WhiteElo "2024"]
[BlackElo "2186"]
[EventDate "2008.01.22"]

1. Nf3 c5 2. e3 Nf6 3. d4 g6 4. c3 b6 5. Nbd2 Bb7 6. Bd3 cxd4 7. exd4 Bg7
8. O-O O-O 9. Qe2 d6 10. Ne4 Nbd7 11. Bg5 a6 12. Rfe1 Re8 13. Rad1 Qc7 14.
Nxf6+ Nxf6 15. h3 Qc6 16. a3 b5 17. Bb1 e5 18. dxe5 dxe5 19. Bxf6 Bxf6 20.
Be4 Qc7 21. Bxb7 Qxb7 22. Nd2 Bg7 23. Ne4 Red8 24. Rxd8+ Rxd8 25. Nc5 Qc6
26. b4 h6 27. Rd1 Rd6 28. Rxd6 Qxd6 29. c4 f5 30. cxb5 axb5 31. Qxb5 1-0

[Event "6th Gibtelecom Masters"]
[Site "Gibraltar ENG"]
[Date "2008.01.31"]
[Round "10"]
[White "Hughes,Ro"]
[Black "Heinis,V"]
[Result "1/2-1/2"]
[WhiteElo "2051"]
[BlackElo "2184"]
[EventDate "2008.01.22"]

1. e4 e6 2. d4 d5 3. Nd2 Nf6 4. e5 Nfd7 5. Bd3 c5 6. c3 Nc6 7. Ne2 cxd4 8.
cxd4 f6 9. exf6 Nxf6 10. Nf3 Bd6 11. O-O Qc7 12. Bg5 O-O 13. Rc1 Nh5 14.
Ng3 Nf4 15. Bb1 Qf7 16. Rc3 Bd7 17. Qc2 g6 18. Bh6 Rfc8 19. Qd2 Qf6 20. Re1
Nh5 21. Nxh5 gxh5 22. a3 Be8 23. Bg5 Qf7 24. Ne5 Nxe5 25. dxe5 Rxc3 26.
Qxc3 Bc7 27. Re3 d4 28. Qxd4 Bb6 29. Qh4 Bxe3 30. Bxe3 Rc8 31. Bh6 Bc6 32.
Qg3+ Kh8 33. Bg5 Bd5 34. h3 h4 35. Qxh4 Rc4 36. Bf6+ Kg8 37. Qg5+ Kf8 38.
Qh6+ Kg8 39. Qg5+ 1/2-1/2

[Event "6th Gibtelecom Masters"]
[Site "Gibraltar ENG"]
[Date "2008.01.31"]
[Round "10"]
[White "Van den Bersselaar,J"]
[Black "Gibson,Ch"]
[Result "1-0"]
[WhiteElo "2164"]
[BlackElo "2019"]
[EventDate "2008.01.22"]

1. e4 e5 2. Nf3 Nc6 3. Bb5 a6 4. Ba4 Nf6 5. O-O b5 6. Bb3 Nxe4 7. Bd5 Nc5
8. Re1 Be7 9. Bxc6 dxc6 10. Nxe5 Bb7 11. d3 O-O 12. Be3 Ne6 13. Nd2 c5 14.
Nb3 Qd5 15. Nf3 Bf6 16. c3 Rad8 17. Qe2 Rfe8 18. Bxc5 h6 19. Be3 Nf4 20.
Qf1 Nxg2 21. Qxg2 Qh5 22. Nbd2 Rxd3 23. Qg3 Red8 24. h3 Qd5 25. Kf1 c5 26.
Bxh6 Rxd2 27. Nxd2 g5 28. Bxg5 Bxg5 29. Ne4 Qc4+ 30. Re2 f6 31. Nxg5 fxg5
32. Qxg5+ Kf7 33. Qxd8 Bf3 34. Qe7+ Kg8 1-0

[Event "6th Gibtelecom Masters"]
[Site "Gibraltar ENG"]
[Date "2008.01.31"]
[Round "10"]
[White "Osuna Vega,E"]
[Black "Skage,O"]
[Result "1-0"]
[WhiteElo "2146"]
[BlackElo "1919"]
[EventDate "2008.01.22"]

1. d4 Nf6 2. c4 e6 3. Nc3 Bb4 4. e3 c5 5. Nge2 cxd4 6. exd4 d5 7. c5 Ne4 8.
Bd2 Nxd2 9. Qxd2 O-O 10. a3 Bxc3 11. Nxc3 b6 12. b4 bxc5 13. dxc5 Qc7 14.
Be2 a5 15. O-O axb4 16. axb4 Rxa1 17. Rxa1 Nc6 18. Rb1 d4 19. Na4 e5 20. b5
Bf5 21. Rb2 d3 22. Bf1 Nd4 23. Bxd3 Rd8 24. b6 Qb8 25. Qe3 Bxd3 26. Qxd3
Nc6 27. Qb1 Qa8 28. Ra2 Nb4 29. Ra1 Nd3 30. h3 Qc6 31. b7 1-0

[Event "6th Gibtelecom Masters"]
[Site "Gibraltar ENG"]
[Date "2008.01.31"]
[Round "10"]
[White "Reppen,S"]
[Black "Hamer,M"]
[Result "1/2-1/2"]
[WhiteElo "2061"]
[BlackElo "1962"]
[EventDate "2008.01.22"]

1. e4 Nf6 2. e5 Nd5 3. d4 d6 4. c4 Nb6 5. exd6 exd6 6. Nc3 Be7 7. Nf3 O-O
8. Be2 Bg4 9. b3 Nc6 10. Be3 Re8 11. O-O d5 12. c5 Nc8 13. h3 Be6 14. Bf4
a6 15. Re1 Bf6 16. Bf1 N8e7 17. g4 Ng6 18. Bg3 Nh4 19. Nxh4 Bxh4 20. Bg2
Bxg3 21. fxg3 Qd7 22. Qd2 Re7 23. Ne2 f6 24. Nf4 Bf7 25. Rxe7 Nxe7 26. b4
Ng6 27. Re1 Kf8 28. a3 Re8 29. Rxe8+ Kxe8 30. Qe3+ Kf8 31. Kf2 c6 32. Bf3
Qe7 33. Qxe7+ Kxe7 34. a4 Nxf4 35. gxf4 g5 1/2-1/2

[Event "6th Gibtelecom Masters"]
[Site "Gibraltar ENG"]
[Date "2008.01.31"]
[Round "10"]
[White "Webster,R"]
[Black "Hagen,Ande"]
[Result "0-1"]
[WhiteElo "1989"]
[BlackElo "2049"]
[EventDate "2008.01.22"]

1. c4 Nf6 2. g3 e6 3. Bg2 d5 4. Nf3 Be7 5. O-O O-O 6. Qc2 c6 7. b3 Nbd7 8.
Bb2 b6 9. Nd4 Bb7 10. cxd5 cxd5 11. Nc6 Bxc6 12. Qxc6 Nc5 13. Qb5 a6 14.
Qb4 Nfe4 15. Bc3 a5 16. Qa3 d4 17. Qc1 dxc3 18. d3 Nd2 19. Nxc3 Ndxb3 20.
axb3 Nxb3 21. Qb2 Nxa1 22. Qxa1 Bf6 23. Qa3 Bxc3 24. Qxc3 Qc8 25. Qe5 Qc5
26. Qf4 b5 27. d4 Qb4 28. Be4 a4 29. Qh4 f5 30. Bd3 a3 31. d5 Qxh4 0-1

[Event "6th Gibtelecom Masters"]
[Site "Gibraltar ENG"]
[Date "2008.01.31"]
[Round "10"]
[White "Greef,M"]
[Black "Jorgensen,L"]
[Result "0-1"]
[WhiteElo "2025"]
[BlackElo "1867"]
[EventDate "2008.01.22"]

1. e4 c5 2. Nf3 d6 3. d4 cxd4 4. Nxd4 Nf6 5. Nc3 a6 6. Bc4 Nc6 7. Bb3 e6 8.
Bg5 Be7 9. h4 Bd7 10. f3 Qa5 11. Qd2 b5 12. O-O-O Rc8 13. g4 Ne5 14. Nce2
Qxd2+ 15. Bxd2 Nc4 16. Bxc4 Rxc4 17. h5 e5 18. Nb3 Nxe4 19. fxe4 Bxg4 20.
Rde1 Rxe4 21. Nc3 Rxe1+ 22. Bxe1 f5 23. Nd2 O-O 24. Bf2 Bg5 25. Bh4 Bh6 26.
Rh2 e4 27. Kb1 e3 28. Nf1 Bf4 29. Bg3 Bxg3 30. Nxg3 f4 31. Nf1 Re8 32. Ne2
f3 33. Nfg3 fxe2 34. Nxe2 Rf8 35. a4 Rf2 36. Rxf2 exf2 37. Ng3 Be2 38. axb5
axb5 39. Kc1 f1=Q+ 40. Nxf1 Bxf1 41. Kd2 Kf7 42. Ke3 Ke6 43. Kf4 Be2 44.
Kg5 b4 45. h6 g6 46. c3 b3 47. Kf4 d5 48. Kg5 Ke5 49. Kh4 Kf5 50. Kg3 Kg5
51. Kf2 Bc4 52. Kg3 Kxh6 0-1

[Event "6th Gibtelecom Masters"]
[Site "Gibraltar ENG"]
[Date "2008.01.31"]
[Round "10"]
[White "Helin,M"]
[Black "Hickman,J"]
[Result "1-0"]
[WhiteElo "1935"]
[BlackElo "2009"]
[EventDate "2008.01.22"]

1. e4 d6 2. Nc3 g6 3. g3 Bg7 4. Bg2 c5 5. d3 Nc6 6. Nge2 Rb8 7. Be3 e6 8.
Qd2 b5 9. Nd1 Qa5 10. c3 Ne5 11. h3 c4 12. d4 Nd3+ 13. Kf1 b4 14. Nf4 bxc3
15. bxc3 Nxf4 16. Bxf4 e5 17. Be3 Ne7 18. f4 f5 19. fxe5 dxe5 20. Bg5 exd4
21. Bxe7 Kxe7 22. Rc1 Rf8 23. Kg1 fxe4 24. Bxe4 Bf5 25. Bxf5 Rxf5 26. Kh2
Kf8 27. Re1 Rd8 28. Qe2 Re5 29. Qxc4 dxc3 30. Ne3 Qb6 31. Nd5 Rdxd5 1-0

[Event "6th Gibtelecom Masters"]
[Site "Gibraltar ENG"]
[Date "2008.01.31"]
[Round "10"]
[White "Petrovic,Mark"]
[Black "Pettersson,A"]
[Result "1/2-1/2"]
[WhiteElo "1983"]
[BlackElo "1984"]
[EventDate "2008.01.22"]

1. e4 c5 2. b4 cxb4 3. a3 d5 4. Bb5+ Bd7 5. Qe2 Bxb5 6. Qxb5+ Qd7 7. Qxd7+
Nxd7 8. exd5 Ngf6 9. d6 bxa3 10. Nxa3 exd6 11. Nb5 Rc8 12. Rxa7 Be7 13. Nf3
O-O 14. c3 Nc5 15. O-O Ra8 16. Rxa8 Rxa8 17. Ba3 Bf8 18. Rb1 Nfe4 19. Kf1
g5 20. Bc1 Nd3 21. Ke2 Nf4+ 22. Kf1 Nd3 23. Ke2 Nexf2 24. Nc7 Ra4 25. Nxg5
Bh6 26. Nh3 Nxc1+ 27. Rxc1 Nxh3 28. gxh3 Ra2 29. Rd1 Bf4 30. Nd5 Bxh2
1/2-1/2